000 00567nam a22002177a 4500
003 OSt
005 20260430121638.0
008 260430b |||||||| |||| 00| 0 eng d
020 _a81-264-0415-9
040 _cSBCL
082 _a894.8123
_bVAS-K
100 _aVasudevan Nair, M.T.
245 _aKaliveedu
250 _a18 th ed.
260 _aKottayam
_bD C Books-Current Books
_c2026
300 _a48 p.
630 _xLiterature & rhetoric
650 _aLiteratures of other languages
650 _aAltaic, Uralic, Hyperborean & Dravidian
942 _cBOOK
999 _c138107
_d138107